Problemas educativos de América Latina
Guardat en:
| Autor principal: | |
|---|---|
| Format: | Llibre |
| Idioma: | espanyol |
| Publicat: |
Buenos Aires
EUDEBA
1963
|
| Col·lecció: | Biblioteca de América. Libros del tiempo nuevo
|
| Matèries: | |
| Etiquetes: |
Afegir etiqueta
Sense etiquetes, Sigues el primer a etiquetar aquest registre!
|
MARC
| LEADER | 00000nam a2200000 a 4500 | ||
|---|---|---|---|
| 001 | UCU0584 | ||
| 003 | CL-VaPUC | ||
| 008 | 960322e19630000AG |||||||||||||||||spa|d | ||
| 082 | 0 | 4 | |a 379.8 |b REI |2 21 |
| 100 | 0 | |a Reissig, Luis |e author |9 355893 | |
| 245 | 1 | 0 | |a Problemas educativos de América Latina |
| 300 | |a 100 p | ||
| 942 | |c BK | ||
| 945 | |d 19960322 00:00:00 |a lriquelm | ||
| 260 | |a Buenos Aires |b EUDEBA |c 1963 | ||
| 650 | 0 | |a Política educacional |9 308011 | |
| 650 | 7 | |a DESARROLLO DE LA EDUCACION |2 CL-VaPUC |9 355894 | |
| 650 | 0 | |a Estado y educación |9 311264 | |
| 650 | 0 | |a Planificación de la educación |9 307333 | |
| 650 | 0 | |a Economía de la educación |9 338885 | |
| 650 | 0 | |a Desarrollo económico y social |9 256320 | |
| 583 | |a last modification |c 19960322 00:00:00 |k Rodrigo Vera | ||
| 490 | 0 | |a Biblioteca de América. Libros del tiempo nuevo | |
| 999 | |c 245424 |d 245422 | ||
| 952 | |0 0 |1 0 |4 0 |6 379_800000000000000_REI_1963 |7 0 |8 P |9 259925 |a BIBEDU |b BIBEDU |c BIBEDU_PB |d 2019-11-19 |i 1637509 |o 379.8 REI 1963 |p 1637509 |r 2024-01-25 |w 2019-11-19 |y BK |k EDU | ||